Statistiken für Länder mit T

Klicken Sie hier um das Quiz zu spielen!

Allgemein

  • Dieses Quiz wurde 1.048 mal gespielt
  • Das Durchschnittsergebnis liegt bei 9 aus 13

Antwortstatistiken

HintLänder% Korrekt
12Turkmenistan
89%
11Türkei
83%
5Togo
82%
1Tadschikistan
79%
3Tansania
77%
7Trinidad und Tobago
75%
10Tunesien
75%
4Thailand
72%
6Tonga
70%
13Tuvalu
69%
2Taiwan
59%
8Tschad
57%
9Tschechische Republik
55%

Verteilung der Resultate

Perzentil nach korrekt beantworteten Fragen

Anzahl Personen mit jedem Resultat

Ihre Resultats-Entwicklung

Sie haben dieses Quiz noch nicht gespielt